000 00619nam a2200217Ia 4500
003 OSt
005 20220918192052.0
006 a|||||r|||| 00| 0
007 ta
008 220917b |||||||| |||| 00| 0 eng d
024 _a66,849
037 _cTextual
040 _aARTS
_cARTS
_beng
041 _2eng
_aeng
082 _aR3xL11:9, K0
100 _aZabeeh Farhang
245 0 _aHume
_b precursor of modern empiricism an analysis of his opinions on meaning , metaphysics , logic and mathematics
260 _c1960
942 _hR3xL11:9, K0
_cTEXL
_2CC
999 _c193082
_d193082